| 000 | 00491cam a2200181ua 4500 | ||
|---|---|---|---|
| 041 |
_aeng _h |
||
| 082 |
_a823.308 _bVER/RO |
||
| 100 | _aVerne, Jules . | ||
| 245 |
_aRound the world in Eighty days / _cJules Verne. _hTextual Documents |
||
| 260 |
_a : _bLongman , _c1965. |
||
| 300 | _a157 ; . | ||
| 440 | 0 |
_aLongman`s simplified English series, _v _x; |
|
| 490 | 0 |
_aLongman`s simplified English series, _v _x; |
|
| 504 | _a | ||
| 942 | _cBK | ||
| 999 |
_c844 _d844 |
||